00445nam a22001697a 4500003000500000005001700005008004100022020001800063041001200081082001800093100001400111245004900125260003100174300001600205505002700221650002700248NUST20231020164501.0161124s9999 xx 000 0 und d a0-8493-7234-8 aEnglish a624.1762bCHE aChen .W.F aEarthquake Engineering for Structural Design aLondonbTaylor Pressc2006 a5.55 +index aEarthquake Engineering aEarthquake Engineering